|
|
|
|
| LEADER |
01049nnm a2200253za 4500 |
| 001 |
001000461 |
| 003 |
CZ BrMZK |
| 005 |
20071003091827.0 |
| 007 |
sd fsngnnmmned |
| 008 |
071003s2007 enk|||||||||||||| engod |
| 020 |
|
|
|a 9781405070560
|
| 040 |
|
|
|a BOA001
|b cze
|
| 100 |
1 |
|
|a Kay, Susan
|7 pna2005307292
|
| 245 |
1 |
0 |
|a New Inside out. Beginner. Class CDs
|h [zvukový záznam] /
|c Sue Kay & Vaughan Jones
|
| 260 |
|
|
|a Oxford :
|b Macmillan,
|c 2007
|
| 300 |
|
|
|a sada 3 kompaktních disků +
|e knihy CF 19
|
| 653 |
|
|
|a angličtina pro začátečníky
|
| 700 |
1 |
|
|a Jones, Vaughan
|7 xx0037257
|
| 910 |
|
|
|a BOA001
|x CD-A 283
|
| 990 |
|
|
|a AM
|
| 991 |
|
|
|z 000049047
|x 99
|
| 996 |
7 |
|
|b 261E006893
|c CD-A 283
|d CD 1
|v 5
|l Anglická knihovna/2.patro
|r ZHR
|n 37
|h CD-A 283
|w 001000461
|u 000010
|a 0
|e BOA001
|j MZK50
|s A
|
| 996 |
7 |
|
|b 261E006894
|c CD-A 283
|d CD 2
|v 5
|l Anglická knihovna/2.patro
|r ZHR
|n 37
|h CD-A 283
|w 001000461
|u 000020
|a 0
|e BOA001
|j MZK50
|s A
|
| 996 |
7 |
|
|b 261E006895
|c CD-A 283
|d CD 3
|v 5
|l Anglická knihovna/2.patro
|r ZHR
|n 37
|h CD-A 283
|w 001000461
|u 000030
|a 0
|e BOA001
|j MZK50
|s A
|